| 000 | 00660nam a22001937a 4500 | ||
|---|---|---|---|
| 005 | 20230630042153.0 | ||
| 008 | 230630b |||||||| |||| 00| 0 eng d | ||
| 020 | _a978-621-418-026-4 | ||
| 082 | _aFil. 616.0252 M743 2021 | ||
| 100 |
_aMogol, Adonis A. _eauthor |
||
| 245 |
_aFirst aid: _ba citizen's response handbook / _cAdonis A. Mogol |
||
| 250 | _a2nd ed. | ||
| 260 |
_aQuezon City: _bWiseman's Books Trading, _cc2021 |
||
| 300 |
_aii, 251p.: _bill. |
||
| 504 | _aIncludes bibliographical references | ||
| 541 | _e7221 c.1, 7222 c.2, 7223 c.3 | ||
| 650 | _aFirst aids - Handbooks, manuals, etc. | ||
| 650 | _aMedical emergencies - Handbooks, manuals, etc. | ||
| 999 |
_c2180 _d2180 |
||